01177cam a22003017a 4500003000500000005001700005008004100022010001000063011001000073035001000083040000900093082001500102100003800117245017600155260007700331300002600408490002700434590004100461590004100502590004200543650002100585830003500606901000700641942001000648949006500658999001700723952013500740CHAP20220329134839.0971013s1957 r 00010 d a26873 a27845 a31946 cCHAP a551.37bK300aKassander, A. Richard, Jr.96277712aA study of the trajectories and diffusion patterns of ground genrated airborne particulates of ground generated airborne particulates under orographic wind flow conditions aTucson :bUniversity of Arizona. Institute of Atmospheric Physics,c1957 a14 h. anexosb: ilus. 0aScientific reportv; 5 aBATCH-UPDb10c20130110lUCH01h0145 aBATCH-UPDb10c20130110lUCH01h2212 aCONVERSIONb10c20130109lUCH01h131514aVientos.91192910 aScientific reportv; 59103331 aBK cLIBRO a551.37 K3bBCcLIBROd33724000400206eLIBROh43380i31946si c26873d26873 00102ddc4052708GRALaBCbBCcPA_GRALd2019-12-31fLIBROl0o551.37 K3p33724000400206r2019-12-31 00:00:00w2019-12-31yLIBRO